History Quiz

Random History or Clickable Quiz

19th Century Figures Match-Up Quiz Stats

 Plays Quiz Updated Feb 10, 2016

Score 0/32 Timer 08:00
18 Plays Today
% Correct
Napoleon
98.3%
Charles
97.7%
Karl
97.1%
Florence
95.4%
Thomas
94.1%
Jane
93.7%
Claude
93.6%
Muhammad
93.3%
Oscar
93%
Sitting
89.8%
Harriet
87.1%
Simón
86%
Friedrich
85%
Millard
80.1%
Fyodor
78.1%
Richard
77.2%
% Correct
Giuseppe
76.5%
Frederick
75.9%
Dmitri
75.4%
Sojourner
74.8%
Li
72.1%
Hong
72.1%
Shaka
71.8%
Henrik
70.3%
Toussaint
65.5%
Cecil
64.4%
Alexander
64.4%
Nat
63.9%
Sakamoto
55.9%
Nikolai
49.7%
Porfirio
46.4%
Mary
42.9%

You're not logged in!

Compare scores with friends on all Sporcle quizzes.
OR
Log In

Show Comments

Extras

Top Quizzes Today


Score Distribution

Your Account Isn't Verified!

In order to create a playlist on Sporcle, you need to verify the email address you used during registration. Go to your Sporcle Settings to finish the process.

Report this User

Report this user for behavior that violates our Community Guidelines.

Details: